<?xml version="1.0" encoding="UTF-8"?>
<record
    xmlns:xsi="http://www.w3.org/2001/XMLSchema-instance"
    xsi:schemaLocation="http://www.loc.gov/MARC21/slim http://www.loc.gov/standards/marcxml/schema/MARC21slim.xsd"
    xmlns="http://www.loc.gov/MARC21/slim">

  <leader>02661cam a22001814a 4500</leader>
  <datafield tag="020" ind1=" " ind2=" ">
    <subfield code="a">156563201X</subfield>
  </datafield>
  <datafield tag="041" ind1="1" ind2=" ">
    <subfield code="a">eng</subfield>
  </datafield>
  <datafield tag="082" ind1="0" ind2="0">
    <subfield code="a">248.4</subfield>
    <subfield code="b">LEO</subfield>
  </datafield>
  <datafield tag="100" ind1="1" ind2=" ">
    <subfield code="a">L&#xE9;on-Dufour, Xavier.</subfield>
  </datafield>
  <datafield tag="245" ind1="1" ind2="0">
    <subfield code="a">To act according to the Gospel </subfield>
  </datafield>
  <datafield tag="260" ind1=" " ind2=" ">
    <subfield code="a">Peabody, Mass. :</subfield>
    <subfield code="b">Hendrickson Publishers,</subfield>
    <subfield code="c">c2005.</subfield>
  </datafield>
  <datafield tag="300" ind1=" " ind2=" ">
    <subfield code="a">xviii, 157 p. ;</subfield>
  </datafield>
  <datafield tag="505" ind1="0" ind2=" ">
    <subfield code="a">The fundamental experience of Jesus -- According to the synoptic tradition : God is present, he has come to reign, he is here -- The text of Mark 1:15 -- Semantic study of the expression "reign of God" -- History of the expression -- The reign of God has come near -- The message of Jesus compared with that of the precursor -- The reign of God has landed right on top of you -- Questions of language -- A presence seeking a response -- A mysterious presence -- By way of conclusion -- According to the Gospel of John -- John transposes the expression Basilea tou Theou -- The mystery of "two and one" -- The action of the Son is the action of the Father -- The action of the believer must be the action of the Son -- Synopsis -- Jesus in relation to Jewish tradition -- According to the synoptic tradition -- The Torah and the Halakah -- Jesus and Jewish tradition -- Jesus takes a stand -- According to the Gospel of John -- Jesus and the Sabbath -- The law (given by Moses) and the truth -- The law, a gift of God to bring life -- The law is fulfilled in the truth -- The new commandment -- Humanity in relation to God-who-is-coming -- According to the synoptic tradition -- Humanity has become wicked -- Little children are at home in the reign of God -- Christian action -- According to the Gospel of John -- The light invades the darkness -- You must be born again -- The believer must abide in Jesus -- Bearing fruit -- Answered prayer -- The works of a disciple -- Engaging the realities of this world -- According to the synoptic tradition -- Being and having -- The human person and money -- The human person and sexuality -- The human person and society -- According to the Gospel of John -- At the heart of human action : love -- The God of forgiveness -- The Jewish conception of God-who-forgives -- In search of the lost sheep -- The father of the prodigal son -- Jesus welcomes sinners -- Unlimited forgiveness -- The God of forgiveness -- Loving -- With regard to those who are wicked -- With regard to the enemy -- With regard to others -- And who is my neighbor? -- Your neighbor is the "least of these" in difficulty (Matt. 25:31-46) -- Conclusion -- Epilogue.</subfield>
  </datafield>
  <datafield tag="520" ind1=" " ind2=" ">
    <subfield code="a">BIBLE - GOSPELS</subfield>
  </datafield>
  <datafield tag="650" ind1=" " ind2="0">
    <subfield code="a">Christian life</subfield>
  </datafield>
  <datafield tag="856" ind1="4" ind2="1">
    <subfield code="u">http://www.loc.gov/catdir/toc/ecip059/2005007700.html</subfield>
  </datafield>
  <datafield tag="942" ind1=" " ind2=" ">
    <subfield code="c">BK</subfield>
  </datafield>
  <datafield tag="952" ind1=" " ind2=" ">
    <subfield code="0">0</subfield>
    <subfield code="1">0</subfield>
    <subfield code="4">0</subfield>
    <subfield code="7">0</subfield>
    <subfield code="a">HMI</subfield>
    <subfield code="b">HMI</subfield>
    <subfield code="c">GEN</subfield>
    <subfield code="d">2018-10-23</subfield>
    <subfield code="l">0</subfield>
    <subfield code="o">248.4 LEO</subfield>
    <subfield code="p">11-3718</subfield>
    <subfield code="r">2018-10-23</subfield>
    <subfield code="w">2018-10-23</subfield>
    <subfield code="y">BK</subfield>
  </datafield>
  <datafield tag="999" ind1=" " ind2=" ">
    <subfield code="c">22355</subfield>
    <subfield code="d">22355</subfield>
  </datafield>
</record>
